000 01252nam a2200337 i 4500
003 EG-GICUC
005 20260121101415.0
008 251202s2004 ua ||||fr|||| 000 0 ara d
017 _a2004/18695
020 _a977-04-4600-9
040 _a EG-GICUC
_bara
_c EG-GICUC
_d EG-GICUC
_erda
041 _aara
082 0 4 _221
_a343.3
_bش ر . ح
092 0 4 _221
099 _aLaw1 10 343.3 ش ر . ح 1 ed - 2004
100 0 _aشريف سيد كامل.
_eمؤلف.
245 1 2 _aالحق في سرعة الإجراءات الجنائية :
_bدراسة مقارنة /
_cشريف سيد كامل.
250 _aالطبعة الاولى
264 1 _aالقاهرة :
_bدار النهضة العربية,
_c2004.
300 _a277 صفحة ؛
_c24 سم.
336 _2rda content
_atext
337 _2rda media
_aComputer
338 _2rda carrier
_aOnline Resource
504 _a. 267-257ببليوجرافيا: صفحات.
546 _aالنص أغلبه باللغة العربية مع بعض النصوص الفرنسية
650 1 4 _a قانون الإجراءات الجنائية
_2qrmak
651 1 _2qrmak
856 4 0 _uhttps://fll.law.cu.edu.eg/fulltext/bks/B10-05727.pdf
905 _a5
_eHassnaa
942 _2ddc
_cBK
_e21
_n0
999 _c47848
_d47848